000 00527nam a2200181Ia 4500
008 100920s9999 xx 000 0 und d
082 _b99842
_a910 न 07
100 _aकमोद कैलास.
245 _aमाझं नाशिक.
260 _bराजहंस, पुणे.
_c2007
300 _a128
_bसाधी
365 _b150
520 _aभू.प्र.
630 _aमाझं नाशिक.
650 _aभू.प्र.
730 _aमाझं नाशिक.
942 _cBOOK
999 _c740280
_d740277